=LDR 00000nam 2200000 4500 =001 INLIS000000000053109 =005 20180331110346 =035 ##$$a 0010-0318000336 =007 ta =008 180331###########################0###### =020 ##$$a 978-979-*8598-58-6 =082 ##$$a 510 =084 ##$$a 510 Irz m =100 #$$a Irzani =245 1#$$a Matematika 1Untuk Calon Guru SD/MI /$c Irzani =260 ##$$a Yogyakarta :$b Kurnia kalam Semesta,$c 2010 =300 ##$$a 148 hlm : $b Ilus ; $c 21 cm =990 ##$$a 68536853 =990 ##$$a 21406849